| 000 | 00450nam a2200145 i 4500 | ||
|---|---|---|---|
| 001 | 51947 | ||
| 003 | ES-MaACL | ||
| 007 | t| | ||
| 008 | 030821s1954 sp ||||1| spa d | ||
| 100 | 1 |
_aChicote, Enrique. _938495 |
|
| 245 | 1 | 3 |
_aEl misterio de la cabeza parlante _b: relato retrospectivo-folletinesco / _cEnrique Chicote. |
| 260 |
_aMadrid : _bInstituto Editorial Reus, _c1954. |
||
| 300 |
_a397 p. ; _c21 cm. |
||
| 852 |
_aES-MaACL _jC-6803 _bR.35800 |
||
| 999 |
_c51947 _d51947 |
||